000 00478nmm a2200157Ia 4500
008 251105s9999||||xx |||||||||||||||||und||
020 _a9788412614374
041 _aspa
100 _aMartínez Pérez, Ismael
245 0 _aOutrun. 2080
264 _a[Madrid, España] :
_bEdiciones Arcanas,
_c[Fecha de publicación no identificada]
300 _a0 páginas
650 _aScience fiction & Fantasy
856 _uhttps://public.digitaliapublishing.com/a/135251
942 _cCF
999 _c76278
_d76278